LEADER 01320nam 2200433 450 001 9910155687103321 010 $a1-62273-085-2 035 $a(CKB)3710000000976666 035 $a(MiAaPQ)EBC4771412 035 $a(PPN)198678878 035 $a(EXLCZ)993710000000976666 100 $a20170109h20172017 uy| 0 101 0 $aeng 135 $aurcnu|||||||| 181 $2rdacontent 182 $2rdamedia 183 $2rdacarrier 200 00$aIntervention or protest $eacting for nonhuman animals /$fedited by Gabriel Garmendia da Trindade & Andrew Woodhall 210 1$aWilmington, Delaware :$cVernon Press,$d[2017] 210 4$dİ2017 215 $a1 online resource (527 pages) 225 0 $aVernon series in critical perspectives on social science 311 $a1-62273-062-3 320 $aIncludes bibliographical references and index. 606 $aAnimal rights 606 $aAnimal welfare 606 $aAnimal rights movement 615 0$aAnimal rights. 615 0$aAnimal welfare. 615 0$aAnimal rights movement. 702 $aGarmendia da Trindade$b Gabriel 702 $aWoodhall$b Andrew 801 0$bMiAaPQ 801 1$bMiAaPQ 801 2$bMiAaPQ 906 $aBOOK 912 $a9910155687103321 996 $aIntervention or protest$92862775 997 $aUNINA